01135cam a22003614i 4500003000900000005001700009008004100026020001500067035002700082040003300109082002000142100002700162245008100189264003800270300006700308336002100375337002500396338002300421505018300444526000900627526000900636526000900645526000900654526000900663526000900672526000800681526000800689526000800697526000800705526000800713526000800721650004400729PE-LiUPU20250731184528.0150623s r 000 0 d a0415064546 a(Sirsi) i9780415064545 aPE-LiUPUbspacPE-LiUPUerda04a932.01bR532211 aRice, Michael,eautor.10aEgypt's Making :bthe origins of ancient Egypt 5000-2000 BC /cMichael Rice. 1aNew York, NY :bRoutledge,c1993. a322 páginas :bilustraciones, gráficos ;c24 centímetros atext2rdacontent aunmediated2rdamedia avolume2rdacarrier0 aThe land of Egypt.- The roots of the Egyptian state.- The lords of the two lands.- Fulfilment and decline: the end.- Eastwards from Egypt.- C.G. Jung and the Egyptian experience. aP136 aP135 aP134 aP133 aP144 aP143 aP87 aP35 aP20 aP14 aP10 aP0604aEgiptoxCivilizaciónyA 332 a. de JC.